| 000 | 01154nam a22003257a 4500 | ||
|---|---|---|---|
| 003 | CHAP | ||
| 005 | 20220329140107.0 | ||
| 008 | 971013s1981 r 00010 d | ||
| 010 | _a46903 | ||
| 011 | _a47875 | ||
| 035 | _a52018 | ||
| 040 | _cCHAP | ||
| 090 | _aTesis | ||
| 100 | 0 | 0 |
_aValdez Aguilar, Carlos Waltter. _9117259 |
| 245 | _aEfecto del distanciamiento entre surcos y plantas y niveles de fertilización nitrogenada sobre el rendimiento de grano de la variedad de sorgo "Centa-1" | ||
| 260 |
_aChapingo, Méx. : _bEl autor, _c1981 |
||
| 300 | _a134 h. | ||
| 502 | _aTesis (Ing. Agr. Esp. en Fitotecnia) -- UACH. Departamento de Fitotecnia | ||
| 590 |
_aALEPH _b10 _c20130110 _lUCH01 _h1316 |
||
| 590 |
_aBATCH-UPD _b10 _c20130110 _lUCH01 _h1243 |
||
| 590 |
_aCONVERSION _b10 _c20130109 _lUCH01 _h1326 |
||
| 650 | 1 | 4 |
_aFertilizantes _xEfecto en sorgo. _940551 |
| 650 | 1 | 4 |
_aSorgo _xEspaciamiento. _9108667 |
| 650 | 1 | 4 |
_aSorgo _xRendimiento. _9108714 |
| 901 | _aBK | ||
| 942 | _cFOLL | ||
| 949 |
_bBC _cTES _d-116109 _eTS1 _i52018 _si |
||
| 949 |
_bBC _cTES _d-116110 _eTS2 _fc.2 _i52018 _si |
||
| 949 |
_bBC _cTES _d-116112 _eTS2 _fc.3 _h22031 _i52018 _si |
||
| 999 |
_c46903 _d46903 |
||